The International Law of the Sea (Record no. 17988)
[ view plain ]
| 000 -LEADER | |
|---|---|
| fixed length control field | 00404nam a22001457a 4500 |
| 008 - FIXED-LENGTH DATA ELEMENTS--GENERAL INFORMATION | |
| fixed length control field | 191018b xxu||||| |||| 00| 0 eng d |
| 020 ## - INTERNATIONAL STANDARD BOOK NUMBER | |
| International Standard Book Number | 1841132570 |
| 050 ## - LIBRARY OF CONGRESS CALL NUMBER | |
| Classification number | JX4411 |
| Item number | .R68 2010 c.1 |
| 100 ## - MAIN ENTRY--PERSONAL NAME | |
| Personal name | Rotwell, Donald R. |
| 245 ## - TITLE STATEMENT | |
| Title | The International Law of the Sea |
| Statement of responsibility, etc. | Donald R. Rothwell |
| 260 ## - PUBLICATION, DISTRIBUTION, ETC. (IMPRINT) | |
| Place of publication, distribution, etc. | Oxford |
| Name of publisher, distributor, etc. | Heart Publishing |
| Date of publication, distribution, etc. | 2010 |
| 300 ## - PHYSICAL DESCRIPTION | |
| Extent | xiv, 500p. |
| 700 ## - ADDED ENTRY--PERSONAL NAME | |
| Personal name | Tim Stephens |
| 942 ## - ADDED ENTRY ELEMENTS (KOHA) | |
| Source of classification or shelving scheme | Library of Congress Classification |
| Koha item type | General Collection |
| Withdrawn status | Lost status | Source of classification or shelving scheme | Not for loan | Home library | Current library | Date acquired | Cost, normal purchase price | Total Checkouts | Total Renewals | Full call number | Barcode | Date last seen | Date last checked out | Price effective from | Koha item type |
|---|---|---|---|---|---|---|---|---|---|---|---|---|---|---|---|
| Library of Congress Classification | Kabarak, Main Campus | Kabarak, Main Campus | 18/10/2019 | 6950.00 | 3 | 1 | JX4411 .R68 2010 c.1 | 023978 | 15/05/2024 | 15/05/2024 | 18/10/2019 | General Collection |